| 000 | 00396nam a2200145Ia 4500 | ||
|---|---|---|---|
| 008 | 211109s9999||||xx |||||||||||||| ||und|| | ||
| 082 |
_a824 _bLOA-M |
||
| 100 | _aLoane, George E | ||
| 245 | 0 | _aMore English Essays | |
| 260 |
_bTemple Press _aLondon _c1952 |
||
| 300 | _a256p. | ||
| 630 | _xGeneral Stack | ||
| 650 |
_aLITERATURE _vENGLISH LITERATUREENGLISH ESSAYSESSAY _xGeneralia |
||
| 942 | _cBOOK | ||
| 999 |
_c13004 _d13004 |
||